000 00442nam a2200169Ia 4500
003 IN-BaIIA
008 211028s9999 xx 000 0 eng d
040 _cIIA Library
080 _a523.78
_bMIT
100 _aMitchell, S. A.
_91450
245 0 _aEclipses of the sun
_cS. A. Mitchell
250 _a4th ed.
260 _aNew York
_bColumbia University Press
_c1935
300 _axvii, 520p.
650 _aSolar Eclipses
_91451
942 _cBK
999 _c666
_d666